000 01265nam a2200349Ia 4500
001 Z_6427
003 CHAP
005 20231017183339.0
008 220113s2011 xx 000 0 und d
010 _a169684
040 _cCHAP
090 _aTesis A74 2257
100 _aArellano Espejel, David
_96902
245 _aEfecto de la fuente de PMSG en la sincronización de celos en ovejas katahdin /
_cDavid Arellano Espejel y Edson José Bermúdez Damián.
260 _aMéxico :
_bEl autor,
_c2011
300 _a38 p.
502 _aTesis (Ingeniero Agrónomo Especialista en Zootecnia) -- UACh, 2011 \ Dirección: Raymundo Rangel Santos; asesoría: Carlos Apodaca Sarabia y José Ayala Oceguera
650 _aGanado Ovino
_9139065
650 _aRaza Katahdin
_9144746
650 _aReproducción
_996027
650 _aSincronización
_9106555
700 _a Apodaca Sarabia, Carlos, asesor
_9139207
700 _a Ayala Oseguera, José, asesor
_9142549
700 _a Rangel Santos, Raymundo, director
_9139209
700 _aBermúdez Damián, Edson José, coaut.
_9144747
856 4 2 _uhttp://10.13.5.2/tesis/114274.pdf
_yDescargar PDF
901 _aTESIS A74 2257
902 _aA
910 _a2011
942 _c2
_2ddc
942 _c2
_2ddc
999 _c169684
_d169684